Statistics for Snacks Picture Quiz

Click here to take the quiz!

General Stats

  • This quiz has been taken 86 times
  • The average score is 11 of 15

Answer Stats

Answer% Correct
Pringles
100%
Oreo
99%
Popcorn
99%
Pretzel
93%
Cracker
87%
Doritos
87%
Goldfish
79%
Twinkie
75%
Cheetos
71%
Takis
71%
Cheez-Its
65%
Fruit Snacks
62%
Pop-Tarts
62%
Fruit Roll-Ups
32%
Wafers
26%

Score Distribution

Percentile by Number Answered

Percent of People with Each Score

Your Score History

You have not taken this quiz